[Event "Marianske Lazne op 50+"]
[Site "Marianske Lazne"]
[Date "2019.01.20"]
[Round "2"]
[White "Becvar, Miroslav"]
[Black "Kozak, Milos"]
[Result "0-1"]
[WhiteElo "1869"]
[BlackElo "2203"]
[PlyCount "72"]
[EventDate "2019.01.19"]
[EventType "swiss"]
[EventRounds "9"]
[EventCountry "CZE"]
[SourceTitle "CBM 188 Extra"]
[Source "ChessBase"]
[SourceDate "2019.02.26"]
[SourceVersion "1"]
[SourceVersionDate "2019.02.26"]
[SourceQuality "1"]

1. e4 c6 2. d4 d5 3. exd5 cxd5 4. Bd3 Nc6 5. c3 Qc7 6. Nf3 Bg4 7. Nbd2 e6 8. h3 Bh5 9. 0-0 Bd6 10. Re1 Nge7 11. Nf1 0-0-0 12. Be2 f6 13. b4 Bf7 14. a4 g5 15. a5 h5 16. N3h2 Rdg8 17. Qa4 Nd8 18. Be3 g4 19. h4 g3 20. Nf3 Rg7 21. N1d2 Rhg8 22. Bf1 gxf2+ 23. Bxf2 Bg3 24. Re2 Nf5 25. Qb5 Qxc3 26. Ree1 Bxf2+ 27. Kxf2 a6 28. Qb6 Qc7 29. Rac1 Nc6 30. Qc5 Nd6 31. Bxa6 Rxg2+ 32. Kf1 Rxd2 33. Nxd2 Nc4 34. Bxc4 Qf4+ 35. Ke2 Rg2+ 36. Kd3 Qxd2# 0-1